| 000 | 00890nam a2200253Ia 4500 | ||
|---|---|---|---|
| 003 | OSt | ||
| 005 | 20220930070437.0 | ||
| 006 | a|||||r|||| 00| 0 | ||
| 007 | ta | ||
| 008 | 220926b |||||||| |||| 00| 0 eng d | ||
| 024 | _a7024 | ||
| 037 | _cTheses | ||
| 040 |
_aCRL _cCRL _beng |
||
| 041 |
_2eng _aeng |
||
| 100 |
_aSheila Rani _9527149 |
||
| 110 | _aUniversity of Delhi. Faculty of Social Sciences. Department of History | ||
| 245 | 0 |
_aIndian public opinion and the crisis in the British Empire _b A study of the formation of public opinion concerning the Boer War (1899-1902) Boxer uprising (1900), Russo-Japanese War (1904-5) and Balman Wars (1912-13) |
|
| 260 | _c1985 | ||
| 300 |
_a578p. _ap. _ccm. |
||
| 650 | _aHISTORY | ||
| 700 | _aUniversity of Delhi. Faculty of Social Sciences. Department of History | ||
| 942 |
_cDIS _2CC |
||
| 999 |
_c860936 _d860936 |
||